Statistics for Golf Records

Click here to take the quiz!

General Stats

  • This quiz has been taken 16 times
  • The average score is 9 of 15

Answer Stats

HintAnswer% Correct
... and with how many?11
83%
Which golfer has the most wins on the PGA Champions Tour (over 50's tour)?Bernhard Langer
83%
Who shot the only ever 58 on the PGA Tour?Jim Furyk
83%
When Phil Mickelson set the record for oldest major-winner in 2021, what tournament was it played at?PGA Championship
75%
... and his last?1986
67%
5 golfers have won all 4 major championships. If Jordan Spieth was to win the Masters and Rory McIlroy was to win the PGA Championship, how many golfers will have won all 4 majors?5
67%
What is Tiger Woods' major streak called when he won 4 in a row in 2000-2001The Tiger Slam
67%
In what year did Jack Nicklaus win his first major?1962
58%
... and with a 68.17, in which year did Tiger Woods set the record for the lowest average?2000
58%
Besides Jack Nicklaus and Tiger Woods, who has the most major championship titles?Walter Hagen
58%
Francis Ouimet became the youngest amateur to win the US Open in 1913, who was he portrayed by in Disney's 'The Greatest Game ever Played'?Shia LaBeouf
50%
Which Jersey golfer is the PGA Tour award for the lowest scoring average named after?Harry Vardon
42%
In a list of the golfers with the most wins on the PGA tour, the entire top 13 are American. Name number 14, the golfer with the most wins as a non-American.Vijay Singh
33%
With 9 consecutive birdies, which American, one-time major winner set the record for most consecutive birdies in 2009?Mark Calcavecchia
17%
Andrew Magee made a hole-in-one on a par 4 in 2001. Which course did he card the ace?TPC Scottsdale
17%

Score Distribution

Percentile by Number Answered

Percent of People with Each Score

Your Score History

You have not taken this quiz